000 00287nam a2200133Ia 4500
008 231129s1973||||xx |||||||||||||| ||spa||
040 _bspa
082 _a873 V816e
100 _aVirgilio Maron Publio
245 0 _aEneida
260 _c1973
264 _aBruguera
942 _2ddc
_cBKS
999 _c13060
_d13060